MARC

LEADER 00000nam0a2200000 4500
001 36257
005 20231031001512.0
035 |a (RuTPU)RU\TPU\book\36727 
035 |a BOOK00003379 
090 |a 36257 
100 |a 20011210d1972 m y0rusy50 ca 
101 0 |a rus 
102 |a RU 
105 |a a j 001zy 
200 1 |a Радиотехнические материалы  |e учебник  |f Д. М. Казарновский, С. А. Яманов 
210 |a Москва  |c Высшая школа  |d 1972 
215 |a 312 с.  |c ил. 
320 |a Список лит.: с. 308 (32 назв.). 
610 1 |a радиотехника 
610 1 |a радиотехнические материалы 
610 1 |a электроизоляционные материалы 
610 1 |a полупроводники 
610 1 |a магнитные материалы 
610 1 |a проводники 
610 1 |a учебные пособия 
675 |a 621.396.002.3(075.8)  |v 3 
700 1 |a Казарновский  |b Д. М.  |g Давид Михайлович 
701 1 |a Яманов  |b С. А.  |g Сергей Андреевич 
801 0 |a RU  |b 63413507  |c 20011210  |g PSBO 
801 2 |a RU  |b 63413507  |c 20230628  |g PSBO 
900 |a Спецкурс 56 
942 |c BK